Godel's theorem : (Record no. 29066)

000 -LEADER
fixed length control field 00538 a2200157 4500
020 ## - INTERNATIONAL STANDARD BOOK NUMBER
International Standard Book Number 1568812388
020 ## - INTERNATIONAL STANDARD BOOK NUMBER
International Standard Book Number 9781568812380
082 04 - DEWEY DECIMAL CLASSIFICATION NUMBER
Classification number 511.3
090 ## - LOCALLY ASSIGNED LC-TYPE CALL NUMBER (OCLC); LOCAL CALL NUMBER (RLIN)
-- 434
-- 434
100 1# - MAIN ENTRY--PERSONAL NAME
Personal name Franzen, Torkel.
245 10 - TITLE STATEMENT
Title Godel's theorem :
Remainder of title an incomplete guide to its use and abuse /
Statement of responsibility, etc. Torkel Franzen.
260 ## - PUBLICATION, DISTRIBUTION, ETC.
Place of publication, distribution, etc. [S.l.] :
Name of publisher, distributor, etc. A K Peters, Ltd.,
Date of publication, distribution, etc. 2005.
300 ## - PHYSICAL DESCRIPTION
Extent 172 p. ;
Dimensions 23 cm.
942 ## - ADDED ENTRY ELEMENTS (KOHA)
Institution code [OBSOLETE] SNS
Koha item type Book
Call number prefix 511.3 FRA
Holdings
Withdrawn status Lost status Damaged status Not for loan Permanent Location Current Location Date acquired Total Checkouts Total Renewals Full call number Barcode Date last seen Date last checked out Price effective from Koha item type
        School of Natural Sciences (SNS) School of Natural Sciences (SNS) 05/26/2016 2 1 511.3 FRA SNS0000366 10/11/2023 10/11/2023 05/26/2016 Book
© 2023 Central Library, National University of Sciences and Technology. All Rights Reserved.